[Event "Titled Tuesday intern op 28th Dec"]
[Site "Chess.com INT"]
[Date "2021.12.28"]
[Round "1"]
[White "Titus, Andrew L"]
[Black "Briscoe, Christopher"]
[Result "0-1"]
[WhiteElo "2161"]
[BlackElo "2192"]
[PlyCount "78"]
[EventDate "2021.12.28"]
[EventType "swiss (blitz)"]
[EventRounds "11"]
[EventCountry "USA"]
[SourceTitle "CBM 206 Extra"]
[Source "ChessBase"]
[SourceDate "2022.03.31"]
[SourceVersion "1"]
[SourceVersionDate "2022.03.31"]
[SourceQuality "1"]

1. e4 c5 2. Nf3 d6 3. d4 cxd4 4. Nxd4 Nf6 5. Nc3 a6 6. h3 e6 7. g4 d5 8. g5 Nxe4 9. Nxe4 dxe4 10. Bg2 e5 11. Nb3 Qxd1+ 12. Kxd1 Bf5 13. Be3 Nc6 14. c3 Be7 15. Kc2 O-O 16. Rad1 Rac8 17. Kb1 Bg6 18. Nd2 b5 19. Bxe4 b4 20. c4 Nd4 21. b3 Ne2 22. Bxg6 Nc3+ 23. Kc2 hxg6 24. Ra1 f5 25. f4 Bd6 26. Rhf1 Rfe8 27. fxe5 Bxe5 28. Bf4 Bd4 29. Nf3 Re2+ 30. Kd3 Bc5 31. Be5 Rd8+ 32. Bd4 Bxd4 33. Nxd4 Re4 34. Rae1 Rexd4+ 35. Kc2 Rd2+ 36. Kc1 Nxa2+ 37. Kb1 Nc3+ 38. Kc1 Ra2 39. c5 Rdd2 0-1

[Event "Titled Tuesday intern op 28th Dec"]
[Site "Chess.com INT"]
[Date "2021.12.28"]
[Round "1"]
[White "Todorovic, Bojan"]
[Black "Manukyan, Sargis A"]
[Result "0-1"]
[WhiteElo "2222"]
[BlackElo "2113"]
[PlyCount "104"]
[EventDate "2021.12.28"]
[EventType "swiss (blitz)"]
[EventRounds "11"]
[EventCountry "USA"]
[SourceTitle "CBM 206 Extra"]
[Source "ChessBase"]
[SourceDate "2022.03.31"]
[SourceVersion "1"]
[SourceVersionDate "2022.03.31"]
[SourceQuality "1"]

1. Nf3 d5 2. c4 e6 3. g3 Nf6 4. Bg2 Be7 5. O-O O-O 6. b3 c5 7. Bb2 Nc6 8. e3 b6 9. Qe2 Ba6 10. d3 Qd7 11. Nbd2 Rfd8 12. Rfd1 Rac8 13. Rac1 b5 14. Ne5 Nxe5 15. Bxe5 bxc4 16. dxc4 h6 17. Qf3 Qe8 18. Bf1 Bb7 19. Bg2 Ne4 20. Nxe4 dxe4 21. Qe2 Rxd1+ 22. Rxd1 Rd8 23. Qc2 f5 24. Bf1 Bc6 25. Be2 Rd7 26. Rxd7 Qxd7 27. Qd1 Qe8 28. Bd6 Qd8 29. Bxe7 Qxe7 30. Qd2 g6 31. a3 h5 32. h4 Kg7 33. b4 cxb4 34. axb4 e5 35. c5 Bb7 36. Qc3 Kh7 37. c6 Bc8 38. b5 f4 39. exf4 exf4 40. Qd4 f3 41. Bf1 Bf5 42. b6 axb6 43. Qxb6 Kg7 44. c7 Bc8 45. Qb2+ Qf6 46. Qb8 Qe6 47. Qb2+ Kf7 48. Qc3 Ke7 49. Bc4 Qf6 50. Qb4+ Qd6 51. Qc3 Qd1+ 52. Kh2 Qd7 0-1

[Event "Titled Tuesday intern op 28th Dec"]
[Site "Chess.com INT"]
[Date "2021.12.28"]
[Round "1"]
[White "Tsukerman, Julia"]
[Black "Vivas Zamora, Fabian Ernesto"]
[Result "0-1"]
[WhiteElo "1523"]
[BlackElo "2344"]
[PlyCount "82"]
[EventDate "2021.12.28"]
[EventType "swiss (blitz)"]
[EventRounds "11"]
[EventCountry "USA"]
[SourceTitle "CBM 206 Extra"]
[Source "ChessBase"]
[SourceDate "2022.03.31"]
[SourceVersion "1"]
[SourceVersionDate "2022.03.31"]
[SourceQuality "1"]

1. e4 e5 2. Nf3 Nc6 3. Bb5 f5 4. d3 fxe4 5. dxe4 Nf6 6. Nc3 Bb4 7. Bd2 O-O 8. O-O d6 9. Re1 Bg4 10. Be2 Kh8 11. a3 Bxc3 12. Bxc3 Nxe4 13. Qd3 Nxc3 14. Qxc3 Qf6 15. h3 Bxf3 16. Bxf3 Nd4 17. Re3 c6 18. Rae1 Rae8 19. Qd2 d5 20. c3 Nf5 21. R3e2 e4 22. Bg4 Nd6 23. f3 Nc4 24. Qc2 e3 25. b3 Nxa3 26. Qa2 Nb5 27. Rxe3 Rxe3 28. Rxe3 Nxc3 29. Qxa7 d4 30. Re1 d3 31. Qe3 Qd6 32. Rc1 d2 33. Qxc3 dxc1=Q+ 34. Qxc1 Rd8 35. Qg5 h6 36. Qh4 Qd1+ 37. Kh2 Qd6+ 38. Kh1 Qf6 39. Qf2 Rd1+ 40. Kh2 Qd6+ 41. g3 Rd2 0-1

[Event "Titled Tuesday intern op 28th Dec"]
[Site "Chess.com INT"]
[Date "2021.12.28"]
[Round "1"]
[White "Tsyhanchuk, Stanislav"]
[Black "Xiong, Jeffery"]
[Result "1-0"]
[WhiteElo "2283"]
[BlackElo "2686"]
[PlyCount "109"]
[EventDate "2021.12.28"]
[EventType "swiss (blitz)"]
[EventRounds "11"]
[EventCountry "USA"]
[SourceTitle "CBM 206 Extra"]
[Source "ChessBase"]
[SourceDate "2022.03.31"]
[SourceVersion "1"]
[SourceVersionDate "2022.03.31"]
[SourceQuality "1"]

1. e4 c5 2. Nf3 d6 3. d4 cxd4 4. Nxd4 Nf6 5. Nc3 a6 6. Be3 Nbd7 7. g4 h6 8. Rg1 Ne5 9. Be2 g5 10. h4 Rg8 11. hxg5 hxg5 12. Qd2 Nfxg4 13. Bxg5 Bd7 14. f3 Rxg5 15. Qxg5 Nf6 16. f4 Qb6 17. O-O-O Nc6 18. e5 Nxd4 19. exf6 e6 20. Bh5 O-O-O 21. Kb1 Kb8 22. Rgf1 Rc8 23. Qg3 d5 24. Bxf7 Ba3 25. b3 Bb4 26. Rd3 Qc5 27. f5+ Ka8 28. fxe6 Bb5 29. Rfd1 Bxd3 30. Rxd3 Bxc3 31. Rxc3 Qf8 32. Rxc8+ Qxc8 33. Qd3 Nxe6 34. Qxd5 Nf4 35. Qf3 Qf5 36. Bc4 Qxf6 37. Bxa6 Qf7 38. Bxb7+ Kb8 39. Be4 Qf6 40. Bd3 Qd6 41. a4 Ne6 42. Qe4 Nc5 43. Qc4 Qe5 44. Qb5+ Kc7 45. b4 Qe1+ 46. Kb2 Ne6 47. Qc4+ Kd6 48. a5 Qe5+ 49. Qc3 Qe3 50. a6 Nc7 51. Qc4 Qb6 52. Qf4+ Kc6 53. Qc4+ Kd6 54. Qf4+ Kc6 55. Qf6+ 1-0

[Event "Titled Tuesday intern op 28th Dec"]
[Site "Chess.com INT"]
[Date "2021.12.28"]
[Round "1"]
[White "Urbina Perez, Juan Antonio"]
[Black "Necula, Iulian"]
[Result "1-0"]
[WhiteElo "2284"]
[BlackElo "1890"]
[PlyCount "125"]
[EventDate "2021.12.28"]
[EventType "swiss (blitz)"]
[EventRounds "11"]
[EventCountry "USA"]
[SourceTitle "CBM 206 Extra"]
[Source "ChessBase"]
[SourceDate "2022.03.31"]
[SourceVersion "1"]
[SourceVersionDate "2022.03.31"]
[SourceQuality "1"]

1. e4 g6 2. d4 c6 3. c3 Bg7 4. Bd3 d5 5. Nd2 h5 6. Ngf3 Bg4 7. h3 Bxf3 8. Nxf3 dxe4 9. Bxe4 Nf6 10. Bc2 Nbd7 11. O-O O-O 12. Re1 e6 13. Bg5 Qb6 14. Qc1 Rfe8 15. Rb1 Rac8 16. Bh6 Nh7 17. Bxg7 Kxg7 18. Qf4 Ndf6 19. Ne5 Qc7 20. Qg3 Nf8 21. Re3 Qe7 22. Rbe1 N6d7 23. Nc4 b5 24. Nd6 Nf6 25. Rf3 N8h7 26. Nf5+ exf5 27. Rxe7 Rxe7 28. Bxf5 h4 29. Qxh4 gxf5 30. Rxf5 Re4 31. Qg3+ Kf8 32. Qf3 Re6 33. Kh2 Rd8 34. Qf4 Rdd6 35. Qh4 Kg7 36. Re5 Nf8 37. Qg3+ Ng6 38. Rg5 Kf8 39. h4 Nh7 40. Rf5 Ke7 41. h5 Ngf8 42. Qh4+ Rf6 43. Re5+ Rde6 44. f3 Rxe5 45. dxe5 Nd7 46. exf6+ Ndxf6 47. Qb4+ Kd7 48. g4 Kc7 49. Qf4+ Kb6 50. g5 Nxh5 51. Qxf7 Nxg5 52. Qxh5 Nxf3+ 53. Qxf3 a5 54. Kg3 a4 55. Kf4 c5 56. a3 b4 57. cxb4 cxb4 58. Qe3+ Kb5 59. axb4 Kxb4 60. Qa3+ Ka5 61. b3 Kb5 62. Qxa4+ Kc5 63. b4+ 1-0

[Event "Titled Tuesday intern op 28th Dec"]
[Site "Chess.com INT"]
[Date "2021.12.28"]
[Round "1"]
[White "Vifleemskaia, Svetlana"]
[Black "Al Tarbosh, Ward"]
[Result "0-1"]
[WhiteElo "1926"]
[BlackElo "2222"]
[PlyCount "66"]
[EventDate "2021.12.28"]
[EventType "swiss (blitz)"]
[EventRounds "11"]
[EventCountry "USA"]
[SourceTitle "CBM 206 Extra"]
[Source "ChessBase"]
[SourceDate "2022.03.31"]
[SourceVersion "1"]
[SourceVersionDate "2022.03.31"]
[SourceQuality "1"]

1. d4 d5 2. c4 c6 3. cxd5 cxd5 4. Bf4 Nf6 5. Nc3 Nc6 6. e3 Bg4 7. Qb3 Na5 8. Qa4+ Bd7 9. Qc2 e6 10. Bd3 Nc6 11. a3 Be7 12. Nf3 Nh5 13. Be5 f6 14. Bg3 f5 15. Be5 O-O 16. h3 Nf6 17. g4 Ne4 18. gxf5 Rxf5 19. Bxe4 dxe4 20. Qxe4 Qf8 21. Rg1 Nxe5 22. Nxe5 Be8 23. f4 Bh5 24. Ng4 Bh4+ 25. Kd2 Kh8 26. Qxe6 Re8 27. Qc4 b5 28. Qd3 Bg6 29. Ne5 Rfxe5 30. Rxg6 Rxe3 31. Qxe3 Rxe3 32. Rg4 Rxh3 33. Rag1 Bf6 0-1

[Event "Titled Tuesday intern op 28th Dec"]
[Site "Chess.com INT"]
[Date "2021.12.28"]
[Round "1"]
[White "Yuan, Qingyu"]
[Black "Li, Hui"]
[Result "1-0"]
[WhiteElo "2373"]
[BlackElo "1967"]
[PlyCount "89"]
[EventDate "2021.12.28"]
[EventType "swiss (blitz)"]
[EventRounds "11"]
[EventCountry "USA"]
[SourceTitle "CBM 206 Extra"]
[Source "ChessBase"]
[SourceDate "2022.03.31"]
[SourceVersion "1"]
[SourceVersionDate "2022.03.31"]
[SourceQuality "1"]

1. d4 Nf6 2. Nf3 d5 3. Bf4 c5 4. c3 cxd4 5. cxd4 Nc6 6. Nc3 Bf5 7. e3 e6 8. Be2 Bd6 9. Bxd6 Qxd6 10. O-O O-O 11. Rc1 Rac8 12. Qa4 a6 13. h3 Qb4 14. Qxb4 Nxb4 15. Ne5 Rfd8 16. a3 Nc6 17. Nd3 Bxd3 18. Bxd3 Na5 19. Na4 Nd7 20. b4 Nc4 21. Nc5 Nxc5 22. bxc5 Nxa3 23. Rc3 Nb5 24. Bxb5 axb5 25. Rb3 Rc7 26. Rxb5 Ra8 27. Rfb1 Ra7 28. Rb6 Kf8 29. g4 h6 30. Kg2 Ke8 31. Kg3 Kd8 32. Kf4 Kc8 33. Ke5 Ra2 34. R1b2 Ra1 35. Kd6 Rh1 36. Ra2 Rd7+ 37. Ke5 Rxh3 38. Ra8+ Kc7 39. Ra7 Kc8 40. Ra8+ Kc7 41. Rg8 g6 42. Rb2 h5 43. c6 bxc6 44. Rgb8 Re7 45. R2b7# 1-0

[Event "Titled Tuesday intern op 28th Dec"]
[Site "Chess.com INT"]
[Date "2021.12.28"]
[Round "1"]
[White "Zakhartsov, Vladimir"]
[Black "Gevorgyan, Maria"]
[Result "1-0"]
[WhiteElo "2539"]
[BlackElo "2218"]
[PlyCount "49"]
[EventDate "2021.12.28"]
[EventType "swiss (blitz)"]
[EventRounds "11"]
[EventCountry "USA"]
[SourceTitle "CBM 206 Extra"]
[Source "ChessBase"]
[SourceDate "2022.03.31"]
[SourceVersion "1"]
[SourceVersionDate "2022.03.31"]
[SourceQuality "1"]

1. d4 Nf6 2. c4 c5 3. d5 e6 4. Nc3 exd5 5. cxd5 d6 6. e4 g6 7. f4 Bg7 8. Bb5+ Nfd7 9. a4 O-O 10. Nf3 f5 11. Ng5 fxe4 12. Ne6 Qh4+ 13. g3 Qh3 14. Bf1 Qf5 15. Bg2 Bxc3+ 16. bxc3 Nb6 17. Nxf8 Nxd5 18. c4 Nb4 19. O-O Qxf8 20. Bxe4 N8c6 21. Bb2 Bh3 22. Re1 Na5 23. Qc1 Re8 24. Qc3 Re6 25. Qh8+ 1-0

[Event "Titled Tuesday intern op 28th Dec"]
[Site "Chess.com INT"]
[Date "2021.12.28"]
[Round "1"]
[White "Zherebtsova, Alexandra"]
[Black "Al Hosani, Omran"]
[Result "0-1"]
[WhiteElo "2182"]
[BlackElo "2202"]
[PlyCount "88"]
[EventDate "2021.12.28"]
[EventType "swiss (blitz)"]
[EventRounds "11"]
[EventCountry "USA"]
[SourceTitle "CBM 206 Extra"]
[Source "ChessBase"]
[SourceDate "2022.03.31"]
[SourceVersion "1"]
[SourceVersionDate "2022.03.31"]
[SourceQuality "1"]

1. d4 Nf6 2. Nf3 g6 3. c4 Bg7 4. Nc3 d5 5. e3 O-O 6. Qb3 c5 7. dxc5 Qa5 8. cxd5 Nxd5 9. Qxd5 Bxc3+ 10. Bd2 Rd8 11. Bxc3 Qxc3+ 12. bxc3 Rxd5 13. Rd1 Rxd1+ 14. Kxd1 Be6 15. a3 Nd7 16. c6 bxc6 17. Bd3 Nc5 18. Bc2 Rb8 19. Kc1 Nb3+ 20. Kd1 Na1 21. Nd4 Bd5 22. f3 e5 23. e4 exd4 24. exd5 Rb2 25. d6 Kf8 26. Re1 Nxc2 27. d7 Rb8 28. Kxc2 dxc3 29. Kxc3 Rd8 30. Rb1 Rxd7 31. Kc4 Rd2 32. g4 Rxh2 33. Rb3 Rf2 34. Kc5 Rc2+ 35. Kd6 Kg7 36. Kc7 c5 37. Kb7 c4 38. Re3 a5 39. Ka6 Rd2 40. Kxa5 Rd3 41. Re4 Rxa3+ 42. Kb4 Rxf3 43. Kxc4 f5 44. gxf5 Rxf5 0-1

[Event "Titled Tuesday intern op 28th Dec"]
[Site "Chess.com INT"]
[Date "2021.12.28"]
[Round "1"]
[White "Zhou, Qiyu"]
[Black "Taboas Rodriguez, Daniel"]
[Result "0-1"]
[WhiteElo "2218"]
[BlackElo "2367"]
[PlyCount "130"]
[EventDate "2021.12.28"]
[EventType "swiss (blitz)"]
[EventRounds "11"]
[EventCountry "USA"]
[SourceTitle "CBM 206 Extra"]
[Source "ChessBase"]
[SourceDate "2022.03.31"]
[SourceVersion "1"]
[SourceVersionDate "2022.03.31"]
[SourceQuality "1"]

1. e4 e6 2. d4 d5 3. Nc3 Nc6 4. e5 f6 5. Nf3 Bd7 6. Bf4 Qe7 7. Nb5 O-O-O 8. exf6 Nxf6 9. Bxc7 Re8 10. Bd6 Qf7 11. Be2 Ne4 12. Bxf8 Rhxf8 13. O-O g5 14. Nxg5 Qe7 15. Nxe4 dxe4 16. Qd2 Rf5 17. Qc3 Kb8 18. Rad1 Rg8 19. Kh1 Qg5 20. Qg3+ Qxg3 21. hxg3 Nb4 22. Nd6 Rf6 23. Nxe4 Rh6+ 24. Kg1 Nxc2 25. Rd2 Nb4 26. Nc5 Bc6 27. a3 Nd5 28. Bf3 Re8 29. Re1 Kc7 30. Rde2 Kd6 31. Ne4+ Kc7 32. Nc5 Kd6 33. b4 b6 34. Ne4+ Kd7 35. Nd2 Nc3 36. Re3 Bxf3 37. Rxf3 Nd5 38. Rf7+ Re7 39. Rxe7+ Kxe7 40. Rc1 Kd7 41. Ne4 Rg6 42. f3 Rg8 43. Kf2 Ra8 44. b5 h6 45. a4 a6 46. Rb1 axb5 47. Rxb5 Rxa4 48. Rb2 Rxd4 49. Rd2 Rxd2+ 50. Nxd2 b5 51. Nb3 b4 52. Ke2 Kc6 53. Kd3 e5 54. Ke4 Kd6 55. g4 Nf4 56. g3 Ne6 57. Kd3 Nc5+ 58. Kc4 Nxb3 59. Kxb3 Kc5 60. f4 e4 61. f5 e3 62. f6 Kd6 63. Kc2 b3+ 64. Kd3 b2 65. Kxe3 b1=Q 0-1

[Event "Titled Tuesday intern op 28th Dec"]
[Site "Chess.com INT"]
[Date "2021.12.28"]
[Round "1"]
[White "Zierk, Steven C"]
[Black "Garagulya, Konstantin"]
[Result "1-0"]
[WhiteElo "2488"]
[BlackElo "2389"]
[PlyCount "55"]
[EventDate "2021.12.28"]
[EventType "swiss (blitz)"]
[EventRounds "11"]
[EventCountry "USA"]
[SourceTitle "CBM 206 Extra"]
[Source "ChessBase"]
[SourceDate "2022.03.31"]
[SourceVersion "1"]
[SourceVersionDate "2022.03.31"]
[SourceQuality "1"]

1. b3 Nf6 2. Bb2 e6 3. Nf3 d5 4. c4 Bd6 5. g4 h6 6. h4 Nxg4 7. Rg1 f5 8. Bxg7 Rg8 9. Bb2 dxc4 10. e3 cxb3 11. Qxb3 Nc6 12. Nc3 a6 13. d4 Na5 14. Qc2 b5 15. d5 e5 16. e4 f4 17. Be2 Bd7 18. Nb1 Kf7 19. Nbd2 Qe7 20. a4 bxa4 21. Rxa4 Bxa4 22. Qxa4 Nb7 23. Nc4 h5 24. Rxg4 hxg4 25. Nfxe5+ Kf8 26. Nd7+ Kf7 27. Nce5+ Kg7 28. Nc6+ 1-0

[Event "Titled Tuesday intern op 28th Dec"]
[Site "Chess.com INT"]
[Date "2021.12.28"]
[Round "2"]
[White "Altman, Joshua"]
[Black "Avazkhonov, Alikhon"]
[Result "1-0"]
[WhiteElo "2095"]
[BlackElo "1538"]
[PlyCount "89"]
[EventDate "2021.12.28"]
[EventType "swiss (blitz)"]
[EventRounds "11"]
[EventCountry "USA"]
[SourceTitle "CBM 206 Extra"]
[Source "ChessBase"]
[SourceDate "2022.03.31"]
[SourceVersion "1"]
[SourceVersionDate "2022.03.31"]
[SourceQuality "1"]

1. d4 Nf6 2. c4 g6 3. Nc3 Bg7 4. Nf3 O-O 5. Bg5 h6 6. Bh4 d6 7. e3 Nbd7 8. Be2 e5 9. Qc2 c6 10. O-O Qe7 11. Rfd1 b6 12. Rac1 Bb7 13. b4 c5 14. bxc5 bxc5 15. dxe5 dxe5 16. Nd5 Bxd5 17. cxd5 Qd6 18. e4 g5 19. Bg3 Nxe4 20. Qxe4 f5 21. Qc2 f4 22. Nd2 fxg3 23. hxg3 Rac8 24. Ne4 Qg6 25. Bg4 Rfd8 26. Be6+ Kh8 27. Nd6 Qxc2 28. Rxc2 Rb8 29. Nf7+ Kh7 30. Nxd8 Rxd8 31. Bf5+ Kg8 32. Bxd7 Rxd7 33. Rxc5 Bf8 34. Rc8 Kg7 35. Rdc1 Bd6 36. R1c6 Kf7 37. Rh8 Kg7 38. Re8 Kf7 39. Re6 Bf8 40. Rf6+ Kg7 41. Rfe6 Rxd5 42. Rc7+ Kh8 43. Re8 Kg8 44. Rcc8 Rd1+ 45. Kh2 1-0

[Event "Titled Tuesday intern op 28th Dec"]
[Site "Chess.com INT"]
[Date "2021.12.28"]
[Round "2"]
[White "Aradhya, Garg"]
[Black "Vusatiuk, Vladimir"]
[Result "1/2-1/2"]
[WhiteElo "2236"]
[BlackElo "2307"]
[PlyCount "50"]
[EventDate "2021.12.28"]
[EventType "swiss (blitz)"]
[EventRounds "11"]
[EventCountry "USA"]
[SourceTitle "CBM 206 Extra"]
[Source "ChessBase"]
[SourceDate "2022.03.31"]
[SourceVersion "1"]
[SourceVersionDate "2022.03.31"]
[SourceQuality "1"]

1. d4 Nf6 2. c4 e6 3. Nf3 a6 4. Bg5 d5 5. e3 Nbd7 6. Nc3 dxc4 7. Bxc4 b5 8. Bd3 Bb7 9. a4 b4 10. Ne4 h6 11. Nxf6+ Nxf6 12. Bh4 c5 13. O-O cxd4 14. Nxd4 Be7 15. Rc1 O-O 16. Nc6 Bxc6 17. Rxc6 Qd5 18. Rxa6 Rad8 19. Bxf6 Bxf6 20. Be2 Qxd1 21. Bxd1 Bxb2 22. Rb6 Rb8 23. Rd6 Be5 24. Rd3 Rfd8 25. Rb3 Rd5 1/2-1/2

[Event "Titled Tuesday intern op 28th Dec"]
[Site "Chess.com INT"]
[Date "2021.12.28"]
[Round "2"]
[White "Atabayev, Saparmyrat"]
[Black "Dmitrenko, Viktor"]
[Result "1-0"]
[WhiteElo "2425"]
[BlackElo "2395"]
[PlyCount "47"]
[EventDate "2021.12.28"]
[EventType "swiss (blitz)"]
[EventRounds "11"]
[EventCountry "USA"]
[SourceTitle "CBM 206 Extra"]
[Source "ChessBase"]
[SourceDate "2022.03.31"]
[SourceVersion "1"]
[SourceVersionDate "2022.03.31"]
[SourceQuality "1"]

1. e4 c6 2. d4 d5 3. Nc3 dxe4 4. Nxe4 h6 5. Nf3 Bf5 6. Ng3 Bh7 7. Bc4 e6 8. Qe2 Nf6 9. Ne5 Nd5 10. O-O Nd7 11. Nh5 Qh4 12. Bxd5 cxd5 13. Nxd7 Kxd7 14. Qb5+ Kc7 15. Bf4+ Qxf4 16. Nxf4 Bd6 17. Nd3 b6 18. Ne5 Bxe5 19. dxe5 Rac8 20. c4 d4 21. c5 Rhd8 22. cxb6+ axb6 23. Rac1+ Kb7 24. Rxc8 1-0

[Event "Titled Tuesday intern op 28th Dec"]
[Site "Chess.com INT"]
[Date "2021.12.28"]
[Round "2"]
[White "Baches Garcia, Guillermo"]
[Black "Pein, Malcolm"]
[Result "1-0"]
[WhiteElo "2329"]
[BlackElo "2308"]
[PlyCount "75"]
[EventDate "2021.12.28"]
[EventType "swiss (blitz)"]
[EventRounds "11"]
[EventCountry "USA"]
[SourceTitle "CBM 206 Extra"]
[Source "ChessBase"]
[SourceDate "2022.03.31"]
[SourceVersion "1"]
[SourceVersionDate "2022.03.31"]
[SourceQuality "1"]

1. e4 e5 2. Nf3 Nc6 3. Nc3 g6 4. d4 exd4 5. Nxd4 Bg7 6. Be3 d6 7. Qd2 Nf6 8. f3 O-O 9. O-O-O Nxd4 10. Bxd4 Be6 11. g4 a6 12. h4 c5 13. Be3 b5 14. Qxd6 Qa5 15. Qxc5 Rfc8 16. Qb6 Qb4 17. a3 Qf8 18. Qd6 Qe8 19. Bd4 Rd8 20. Qf4 Rxd4 21. Rxd4 Nh5 22. Qe3 Ng3 23. Rg1 Bxd4 24. Qxd4 Rd8 25. Qe3 Nxf1 26. Rxf1 Qe7 27. h5 b4 28. axb4 Qxb4 29. h6 Rb8 30. Nd1 Qc4 31. Qc3 Qxc3 32. Nxc3 g5 33. Rd1 f6 34. Rd6 Kf7 35. Rxa6 Bc4 36. Rc6 Be6 37. b3 Kg6 38. Rxe6 1-0

[Event "Titled Tuesday intern op 28th Dec"]
[Site "Chess.com INT"]
[Date "2021.12.28"]
[Round "2"]
[White "Berezin, Viktor1"]
[Black "Starosta, Martyna"]
[Result "1-0"]
[WhiteElo "2307"]
[BlackElo "1938"]
[PlyCount "67"]
[EventDate "2021.12.28"]
[EventType "swiss (blitz)"]
[EventRounds "11"]
[EventCountry "USA"]
[SourceTitle "CBM 206 Extra"]
[Source "ChessBase"]
[SourceDate "2022.03.31"]
[SourceVersion "1"]
[SourceVersionDate "2022.03.31"]
[SourceQuality "1"]

1. d4 Nf6 2. Nf3 e6 3. g3 b5 4. Bg2 Bb7 5. O-O Be7 6. a4 b4 7. c3 a5 8. Bg5 O-O 9. Nbd2 Na6 10. Bxf6 Bxf6 11. e4 c5 12. e5 Be7 13. h4 bxc3 14. bxc3 cxd4 15. cxd4 Nb4 16. Nb3 Bd5 17. Nc5 d6 18. exd6 Bxd6 19. Rc1 Rc8 20. Ng5 h6 21. Nge4 Bb8 22. Qg4 f5 23. Qh5 fxe4 24. Nxe4 Rf5 25. Qg6 Qe8 26. Rxc8 Qxc8 27. Nc5 Bxg2 28. Kxg2 Qc6+ 29. Kh2 Rf6 30. Qg4 Nd5 31. Re1 Ba7 32. Nxe6 Rxf2+ 33. Kh3 Ne3 34. Qxg7# 1-0

[Event "Titled Tuesday intern op 28th Dec"]
[Site "Chess.com INT"]
[Date "2021.12.28"]
[Round "2"]
[White "Brunner, Nicolas"]
[Black "Matinian, Nikita"]
[Result "0-1"]
[WhiteElo "2415"]
[BlackElo "2454"]
[PlyCount "80"]
[EventDate "2021.12.28"]
[EventType "swiss (blitz)"]
[EventRounds "11"]
[EventCountry "USA"]
[SourceTitle "CBM 206 Extra"]
[Source "ChessBase"]
[SourceDate "2022.03.31"]
[SourceVersion "1"]
[SourceVersionDate "2022.03.31"]
[SourceQuality "1"]

1. d4 Nf6 2. c4 g6 3. Nf3 Bg7 4. Nc3 O-O 5. e4 d6 6. Be2 e5 7. O-O Nc6 8. d5 Ne7 9. b4 Nh5 10. Re1 Nf4 11. Bxf4 exf4 12. Rc1 a5 13. a3 axb4 14. axb4 h6 15. c5 g5 16. Bc4 Ng6 17. Nb5 g4 18. Nfd4 Ne5 19. Nf5 Bxf5 20. exf5 h5 21. Bf1 f3 22. g3 Bf6 23. cxd6 cxd6 24. Rc7 Ra2 25. Qb1 Rd2 26. Rd1 Re2 27. Rxb7 Kg7 28. Nd4 Qc8 29. Ne6+ Kg8 30. Rc7 Qb8 31. Nxf8 Qxc7 32. Qc1 Qxc1 33. Rxc1 Kxf8 34. b5 Rb2 35. Rc8+ Kg7 36. Rb8 Nd7 37. Rb7 Nc5 38. Rb6 Bd4 39. Rxd6 Bxf2+ 40. Kh1 Rb1 0-1

[Event "Titled Tuesday intern op 28th Dec"]
[Site "Chess.com INT"]
[Date "2021.12.28"]
[Round "2"]
[White "Chen, Max"]
[Black "Skliarov, Viktor"]
[Result "0-1"]
[WhiteElo "1997"]
[BlackElo "2387"]
[PlyCount "64"]
[EventDate "2021.12.28"]
[EventType "swiss (blitz)"]
[EventRounds "11"]
[EventCountry "USA"]
[SourceTitle "CBM 206 Extra"]
[Source "ChessBase"]
[SourceDate "2022.03.31"]
[SourceVersion "1"]
[SourceVersionDate "2022.03.31"]
[SourceQuality "1"]

1. e4 c5 2. c3 d6 3. d4 Nf6 4. Bd3 Nc6 5. Nf3 g6 6. O-O Bg7 7. h3 O-O 8. Be3 d5 9. exd5 Nxd5 10. dxc5 Nxe3 11. fxe3 a5 12. Bc4 Qc7 13. Nbd2 Ne5 14. Nxe5 Qxe5 15. Qf3 e6 16. Ne4 Bd7 17. Qf4 Bc6 18. Qxe5 Bxe5 19. Nd6 Kg7 20. Rad1 a4 21. Rd3 Ra5 22. b4 axb3 23. axb3 Ra2 24. Bb5 Rxg2+ 25. Kh1 Rh2+ 26. Kg1 Rh1+ 27. Kf2 Bg3+ 28. Ke2 Rh2+ 29. Kd1 Ra8 30. Ba4 Bxa4 31. Rxf7+ Kh6 32. Kc1 Bxb3 0-1

[Event "Titled Tuesday intern op 28th Dec"]
[Site "Chess.com INT"]
[Date "2021.12.28"]
[Round "2"]
[White "Chernomordik, Pavel"]
[Black "San, Thit Lwin"]
[Result "1-0"]
[WhiteElo "2182"]
[BlackElo "2242"]
[PlyCount "77"]
[EventDate "2021.12.28"]
[EventType "swiss (blitz)"]
[EventRounds "11"]
[EventCountry "USA"]
[SourceTitle "CBM 206 Extra"]
[Source "ChessBase"]
[SourceDate "2022.03.31"]
[SourceVersion "1"]
[SourceVersionDate "2022.03.31"]
[SourceQuality "1"]

1. e4 Nf6 2. Nc3 d5 3. e5 Nfd7 4. f4 e6 5. Nf3 c5 6. g3 Nc6 7. Bg2 f5 8. exf6 Nxf6 9. O-O Bd6 10. Re1 O-O 11. d3 a6 12. Bh3 Re8 13. Ne5 Qc7 14. Qe2 Nd4 15. Qf2 b5 16. Be3 Bxe5 17. fxe5 Qxe5 18. Bf4 Qh5 19. Bg2 Ng4 20. Qd2 Qxh2+ 21. Kf1 Bd7 22. Nxd5 exd5 23. Bxd5+ Kh8 24. Bxa8 Rxa8 25. Qxh2 Nxh2+ 26. Kg2 Ng4 27. Rac1 h5 28. Re7 Bc6+ 29. Kh3 Nf2+ 30. Kh2 Nf3+ 31. Kg2 Ng4 32. Rc7 Bd5 33. c4 bxc4 34. Rxc5 Be4 35. dxe4 g5 36. Kxf3 gxf4 37. Rxh5+ Kg7 38. Kxg4 fxg3 39. Rxc4 1-0

[Event "Titled Tuesday intern op 28th Dec"]
[Site "Chess.com INT"]
[Date "2021.12.28"]
[Round "2"]
[White "Coelho, Ramyres Santana"]
[Black "Srebrnic, Marko"]
[Result "1-0"]
[WhiteElo "1981"]
[BlackElo "2372"]
[PlyCount "101"]
[EventDate "2021.12.28"]
[EventType "swiss (blitz)"]
[EventRounds "11"]
[EventCountry "USA"]
[SourceTitle "CBM 206 Extra"]
[Source "ChessBase"]
[SourceDate "2022.03.31"]
[SourceVersion "1"]
[SourceVersionDate "2022.03.31"]
[SourceQuality "1"]

1. e4 c5 2. Nf3 Nc6 3. d4 cxd4 4. c3 d3 5. Bxd3 d6 6. O-O Nf6 7. h3 e5 8. Qe2 Be7 9. Rd1 O-O 10. b4 a6 11. a4 Be6 12. Bb2 Rc8 13. b5 Na5 14. bxa6 bxa6 15. Bxa6 Bc4 16. Bxc4 Nxc4 17. Ba3 Qc7 18. Bb4 Qc6 19. Nbd2 Nb2 20. Rdb1 Nxa4 21. Nxe5 dxe5 22. Rxa4 Qxa4 23. Bxe7 Rfe8 24. Bxf6 gxf6 25. Qg4+ Kh8 26. Rb7 Rg8 27. Qf5 Qd1+ 28. Nf1 Rcf8 29. Qxf6+ Rg7 30. Re7 Qd3 31. Rxe5 Qxc3 32. Ne3 Kg8 33. Nd5 Qa1+ 34. Kh2 Kh8 35. h4 Qd4 36. h5 Qxe5+ 37. Qxe5 f6 38. Nxf6 h6 39. Nd5 Kg8 40. f4 Rgf7 41. Ne7+ Kh7 42. Nf5 Rf6 43. Qe7+ R8f7 44. Qe5 Rf8 45. g3 R8f7 46. Nd6 Rf8 47. Nf5 Kg8 48. g4 R8f7 49. g5 Rf8 50. gxf6 Kf7 51. Nxh6# 1-0